000 00208nam a22000977a 4500
082 _a741.642
245 _aAnne of Green Gables
260 _aDelhi
_bDolphin Book
_c2017
650 _achildren book
942 _cBK
999 _c68422
_d68422